000 00429nam a2200181Ia 4500
001 4065
005 20260306145728.0
008 260306t2005||||xx |||||||||||||| ||spa||
041 _aESP
082 _a306.85
_bH12 Nº 28
100 _aCarrascosa Coso, Trini
_eAUT
245 0 _aTu hija de 10 a 11 años
260 _c2005
300 _a250 páginas :
_c19 cm.
650 _aGEN
654 _aCED
942 _cLIB
_dJUS
_fJUS
_2ddc
_n
999 _c4065
_d4065